Fleetwood Mac Songs - Sudden Death - Statistics

General Stats
  • This quiz has been taken 1,291 times
  • The average score is 6 of 16
Answers on the Grid
Answers color-coded by a green-red scale on the quiz's grid according to % correct below.
Black Magic Woman
Cold Ways
Dreams
Edge of Seventeen
Fernando
Gold Dust Woman
Golden Springs
Heart of Darkness
Hold Me
Hold Me Now
I Want You To Want Me
Landslide
Little Lies
Love is a Battlefield
Love is Embarassing
Mirage
No Questions Asked
Over My Head
Penguin
Rhiannon
Rumours
Sara
Seagulls
Seven Wonders
Songbird
Storms
Sugar Daddy
Tango in the Night
The Chain
Tuesday Morning
Waterloo
You Making Loving Hard
 
Answer Stats
Answer % Correct
Dreams
84%
Little Lies
56%
Landslide
55%
Gold Dust Woman
48%
Rhiannon
48%
The Chain
47%
Black Magic Woman
37%
Songbird
30%
Sara
29%
Seven Wonders
28%
Hold Me
25%
Tango in the Night
19%
Over My Head
17%
Storms
13%
No Questions Asked
9%
Sugar Daddy
9%
No matching quizzes found
Score Distribution
Percent of People with Each Score
Percentile by Number Answered
Your Score History
You have not taken this quiz